01141nam a2200265 a 450000100100000000500170001000800410002702000150006804000250008304100380010808200210014610000340016724000850020124501080028625000110039426000560040530000260046149000300048750400730051753400970059083000370068704900090072495201250073399900170085800002648220200930030240.0110321s1980 mx r 000 0 spa d a9682309808 aDO-SdBNPbspacBNPHU17aspaheng2Código de idioma MARC axxxbL141p, 19801 aLaclau, Ernestod1935-95355110aPolitics and ideology in marxist theory. Capitalism-fascism-populismlEspañol.10aPolítica e ideología en la teoría marxista :bcapitalismo, fascismo, populismo /cErnesto Laclau. a2a ed. aMéxico, D. F. :bSiglo Veintiuno Editores,c1980. a233, [3] P. ;c21 cm.1 aSociología y política aIncluye referencias bibliográficas y notas al pie de las páginas aTítulo del original:tPolitics and ideology in marxist theory. Capitalism-fascism-populism 0aSociología y política917789 aBNGR 001054708MOaGRbGRcCTd2011-03-21iLF1l0oxxx L141p, 1980p26482-10r2020-06-25w2020-06-25y4ZPréstamo en sala c25974d25974